Normal view
MARC view
Entry Topical Term
001 - CONTROL NUMBER
- control field: 50703
003 - CONTROL NUMBER IDENTIFIER
- control field: OSt
005 - DATE AND TIME OF LATEST TRANSACTION
- control field: 20160406105239.0
008 - FIXED-LENGTH DATA ELEMENTS
- fixed length control field: 160406|| aca||aabn | a|a d
040 ## - CATALOGING SOURCE
- Original cataloging agency: OSt
- Transcribing agency: OSt
150 ## - HEADING--TOPICAL TERM
- Topical term or geographic name entry element: Law
670 ## - SOURCE DATA FOUND
- Source citation: Work cat.: (OSt)11681: मृदुल मरूधर 50702, शब्दों की न्यायिक परिक्रमा , 2005









